|
|
|
|
| LEADER |
00000cam a2200000 a 4500 |
| 001 |
1/116749 |
| 008 |
180606s2016####gr | ||| |||| ||gre|| |
| 020 |
|
|
|a 9786185119317
|
| 040 |
|
|
|a GR-MyUa
|b gre
|c GR-MyUa
|e AACR2
|
| 041 |
1 |
|
|a gre
|h ger
|
| 082 |
7 |
|
|a 193
|2 (23)
|
| 082 |
7 |
|
|a 192
|
| 100 |
1 |
|
|a Wittgenstein, Ludwig,
|d 1889-1951.
|
| 245 |
1 |
0 |
|a Tractatus logico - philosophicus /
|c Ludwig Wittgenstein ; εισαγωγή-μετάφραση-σχόλια-ευρετήριο Ανδρέας Α. Γεωργαλλίδης ; επιμέλεια μετάφρασης Ναταλία Κ. Κυριακίδη ; γλωσσική επιμέλεια Ανδρέας Π. Αντζουλής.
|
| 260 |
|
|
|a Αθήνα :
|b Ίαμβος,
|c 2016.
|
| 300 |
|
|
|a 169 σ. ;
|c 25 εκ.
|
| 500 |
|
|
|a Μετάφραση του: Logisch-Philosophische Abhandlung.
|
| 650 |
|
0 |
|a Logic, Symbolic and mathematical.
|
| 650 |
|
0 |
|a Language and languages
|x Philosophy.
|
| 650 |
|
0 |
|a Philosophy, German.
|
| 700 |
1 |
|
|a Γεωργαλλίδης, Αντρέας,
|d 1975-
|e aui
|e trl
|
| 852 |
|
|
|a INST
|b LESVOS
|e 20180606
|h 192 WIT
|p 005100060400
|q 005100060400
|t BK
|y 0
|
| 852 |
|
|
|a INST
|b SYROS
|e 20180710
|h 193 WIT
|p 005500013457
|q 005500013457
|t BK
|y 0
|
| 970 |
|
|
|a Τζαφέρη
|b Ευαγγελία
|z 06/06/2018
|